LEADER 00962nam a2200229 i 4500 001 000000020819 003 CaOOAMICUS 005 20230222113809.0 008 180830s1964 it u000 u ita u 040 $aSeMil$bita 100 1 $aGiusta, Michelangelo.$0(OLS)http://semarc/name/9325 245 12$aI dossografi di etica /$cMichelangelo Giusta. 260 $aTorino :$bGiappichelli,$c1964. 300 $av. ;$c26 cm. 490 1 $aUniversità di Torino. Pubblicazioni della Facoltà di lettere e filosofia. ;$v15.3 500 $aPosseduto solo il vol. 1 650 4$aDossografi greci.$0(OLS)http://semarc/subject/24637 774 0 $tVol. 1.$w()178001 830 0$aUniversità di Torino. Pubblicazioni della Facoltà di lettere e filosofia ;$v15.3.$0(OLS)http://semarc/title/13054 996 $6245$aI dossografi di etica$9(OLS)http://semarc/title/27482 996 $6260$aTorino :$bGiappichelli$9(OLS)http://semarc/publisher/31793 LEADER 01043nam a2200205 i 4500 001 000000076310 003 CaOOAMICUS 005 20200505165512.0 008 110812s1806 it u000 u ita u 013 $a47482 026 $aC.e. l-me i.a, (1ac (3) 1806 (A) 040 $aSeMil$bita 245 10$aVol. 1. 300 $aXXVIII, 465, [3] p., [1] carta di tav. :$britr. 500 $aRitratto calcogr. dell'A. inciso da Paolo Caronni. 773 0 $aCellini, Benvenuto <1500-1571>$tVita di Benvenuto Cellini orefice e scultore fiorentino da lui medesimo scritta, nella quale si leggono molte importanti notizie appartenenti alle arti ed alla storia del secolo 16. Ora per la prima volta ridotta a buona lezione ed accompagnata con note da Gio. Palamede Carpani.$dMilano : Tip. de' Classici Italiani, contrada di S. Margherita, n.° 1118, 1806-1811.$g1$w()25291 850 $aSeMil 852 $aSeMil$W1$xVenegono$y1$m1L I 3 FA$j42462$B42462$CSeMilBibl$Z2$F42466 $8I 996 $6245$aVol. 1$9(OLS)http://semarc/title/13429